000 00325nam a22001457a 4500
020 _a978-81-7709-232-5
082 _a530
_bVER/C
100 _aVERMA, H C
245 _aCONCEPT OF PHYSICS
250 _a1
260 _aNEW DELHI
_bBHARATI BHAWAN
_c1993
300 _a466
650 _aPHYSICS - PART 2
_zNEW DELHI
942 _cBK
999 _c6862
_d6862